| 000 | 00638na a2200229 4500 | ||
|---|---|---|---|
| 001 | 18066 | ||
| 003 | MIRAKIL | ||
| 005 | 20181213154947.0 | ||
| 008 | 161110b tu 000 0 | ||
| 040 |
_aMilas _btur _cTR-AnCHP |
||
| 041 | _atur | ||
| 082 |
_a306.38 _bA66t 2012 |
||
| 090 | _a306.38 A66t 2012 | ||
| 100 | _aArpacı, Fatma | ||
| 245 |
_aTürkiye emekli profili _cFatma Arpacı |
||
| 260 |
_aAnkara _bTürkiye Emekliler Derneği _c2012 |
||
| 300 |
_a156 s. _btbl. _c23 sm. |
||
| 440 | _aEğitim ve Kültür Yayınları | ||
| 650 |
_aEmekliler _xAraştırma ve inceleme |
||
| 650 |
_aEmeklilik _xTürkiye |
||
| 942 |
_2ddc _cBKS |
||
| 999 |
_c3913 _d3913 |
||